| 000 | 00595nam a22001937a 4500 | ||
|---|---|---|---|
| 005 | 20240930115029.0 | ||
| 010 | _aENG-141814 | ||
| 020 |
_a9789393701626 _c499.00 |
||
| 035 | _aEN-125346 | ||
| 037 | _bDBAD | ||
| 082 | _a881 | ||
| 100 |
_aKhan, Tarana Husain _972185 |
||
| 245 |
_aThe Begum and the Dastan/ _cBy Tarana Husain Khan |
||
| 250 | _a1 | ||
| 260 |
_aGurugram _bHachelle Book Publishing India Pvt Ltd _c2021 |
||
| 270 |
_a4th & 5th Floor, Corporate Centre, Plot No. 94, Sector 44 _bGurugram _e122003 |
||
| 300 |
_a302p. _c20cm.(pb) |
||
| 942 |
_2ddc _cEN _h881 _mKHA |
||
| 999 |
_c206007 _d206007 |
||